| 000 -CABECERA |
| Longitud fija campo de control |
01012nam a22002297a 4500 |
| 003 - IDENTIFICADOR DEL NÚMERO DE CONTROL |
| Identificador del número de control |
OSt |
| 005 - FECHA Y HORA DE LA ÚLTIMA TRANSACCIÓN |
| Fecha y hora de la última transacción |
20130524124219.0 |
| 008 - CÓDIGOS DE INFORMACIÓN DE LONGITUD FIJA |
| Códigos de información de longitud fija |
130524s2007 sp ||||| |||| 00| 0 sp d |
| 020 ## - NÚMERO INTERNACIONAL NORMALIZADO PARA LIBROS |
| Número Internacional Normalizado para Libros (ISBN) |
9788497842457 |
| 040 ## - FUENTE DE LA CATALOGACIÓN |
| Centro transcriptor |
CDMR |
| 245 00 - MENCIÓN DE TÍTULO |
| Título |
Alternativas a la televisión actual |
| Mención de responsabilidad, etc. |
José Manuel Pérez Tornero ... [et al.] |
| 260 ## - PUBLICACIÓN, DISTRIBUCIÓN, ETC. (PIE DE IMPRENTA) |
| Lugar de publicación, distribución, etc. |
Barcelona |
| Nombre del editor, distribuidor, etc. |
Gedisa |
| 260 ## - PUBLICACIÓN, DISTRIBUCIÓN, ETC. (PIE DE IMPRENTA) |
| Nombre del editor, distribuidor, etc. |
Fundación Alternativas |
| Fecha de publicación, distribución, etc. |
2007 |
| 300 ## - DESCRIPCIÓN FÍSICA |
| Extensión |
303 p. |
| 490 0# - MENCIÓN DE SERIE |
| Mención de serie |
Comunicación.txt |
| 500 ## - NOTA GENERAL |
| Nota general |
Conté: La televisión educativo-cultural en España: bases para un cambio de modelo / José Manuel Pérez Tornero ; Publicidad e infancia / Purificación Llanquet ... [et al.] ; El Consejo Estatal de Medios Audiovisuales / Ángel García Castillejo ; La televisión local : entre el limbo regulatorio y la esperanza digital / Emili Prado |
| 650 04 - PUNTO DE ACCESO ADICIONAL DE MATERIA - TÉRMINO DE MATERIA |
| 9 (RLIN) |
2782 |
| Término de materia o nombre geográfico como elemento inicial |
Televisió en l'ensenyament |
| 650 04 - PUNTO DE ACCESO ADICIONAL DE MATERIA - TÉRMINO DE MATERIA |
| 9 (RLIN) |
166 |
| Término de materia o nombre geográfico como elemento inicial |
Publicitat |
| Subdivisión de materia general |
Aspectes ètics i morals |
| 650 04 - PUNTO DE ACCESO ADICIONAL DE MATERIA - TÉRMINO DE MATERIA |
| 9 (RLIN) |
3089 |
| Término de materia o nombre geográfico como elemento inicial |
Televisió local |
| 700 1# - PUNTO DE ACCESO ADICIONAL - NOMBRE DE PERSONA |
| 9 (RLIN) |
1759 |
| Nombre de persona |
Pérez Tornero, José Manuel |
| 942 ## - ENTRADA DE ELEMENTOS AGREGADOS (KOHA) |
| Fuente de clasificaión o esquema |
|
| Koha [por defecto] tipo de item |
Monografies |